000
00300nam a22001337a 4500
003
SGT
020
_a
9783642062476
082
_a
629.892,PAT
100
_a
PATNAIK,SRIKANTA.
245
_a
ROBOT COGGNITION AND NAVIGATION
260
_a
NEW DELHI
_b
SPRINGER
_c
2007
300
_a
288
942
_2
ddc
_c
BK
999
_c
33341
_d
33341